000 00605nam a2200205Ia 4500
003 IN-BaIIA
008 211028s9999 xx 000 0 eng d
020 _a978-3-319-06455-0
040 _cIIA Library
080 _a523.34:629.78
_bCHE
100 _aChen, James L
_936323
245 0 _aHow to find the Apollo landing sites
_cJames L. Chen
260 _aCham
_bSpringer
_c2014
300 _axvi, 253p.
490 _aThe Patrick Moore practical astronomy series
650 _aLunar landing sites
_936324
650 _aMoon - observers' manuals
_936033
650 _aMoon - surface
_92293
942 _cBK
999 _c19025
_d19025